| 000 | 00688nam a22002297a 4500 | ||
|---|---|---|---|
| 005 | 20170124110224.0 | ||
| 010 | _aA-283923 | ||
| 020 |
_c00.00 _a0030567483 |
||
| 035 | _aA-283923 | ||
| 037 | _bCen Lib/Ret | ||
| 040 |
_aDPL _bEN |
||
| 082 |
_a574.3 _bBRO |
||
| 100 |
_aBrowder, Leon W. _940466 |
||
| 245 |
_aDevelopmental biology / _cby Leon W.Browder |
||
| 260 |
_aPhiladelphia _bSaunders College _c1980 |
||
| 270 |
_aWest Washington Square _bPhiladelphia _e19105 |
||
| 300 |
_axiv,602p. : _c25cm(Hb) _bill. |
||
| 500 | _aIncludes bibliographical references and index | ||
| 650 |
_aBiology _910215 |
||
| 650 |
_aGenetics _920156 |
||
| 942 |
_2ddc _cEN _h574.3 _mBRO |
||
| 999 |
_c134337 _d134337 |
||